000 01273nam a2200265 i 4500
001 184293
003 ES-MaACL
005 20240530105117.0
008 150612s2012 xxuaco |||| |dspa d
020 _a978-0-9850961-0-6
080 _a821.134.2(82)-5"20"
100 1 _aCovarrubias, Jorge Ignacio.
_9157014
245 1 4 _aLos siete personajes del periodismo
_b: discurso de recepción como Académico de Número /
_cD. Jorge Ignacio Covarrubias ; contestación de D. Gerardo Piña-Rosales ; presentación de D. Eugenio Chang-Rodríguez.
246 3 _aDiscurso de recepción como Académico de Número en la Academia Norteamericana de la Lengua Española y Correspondiente de la Real Academia Española de D. Jorge Ignacio Covarrubias
260 _aNueva York :
_bANLE,
_c2012.
300 _a109 p. :
_bil, fot. ;
_c22 cm.
700 1 _aPiña Rosales, Gerardo,
_d1948-
_9154084
700 1 _aChang-Rodríguez, Eugenio.
_937971
710 2 _aAcademia Norteamericana de la Lengua Española.
_91215
852 _aES-MaACL
_jA-13537
_9 191289
_bR.150815
_cDEPO1
_dOlim: N-6537
_hDonacion: Real Academia Española
914 _96336
_aReal Academia Española
_ednr
942 _2udc
_cMONOGRAFIA
999 _c184293
_d184293